[Event "14th IBCA World Chess Championship for Blind 2019"]
[Site "Cagliari"]
[Date "2019.04.13"]
[Round "8"]
[Board "5"]
[White "Stachanczyk, Jacek"]
[Black "Wolanski, Michal"]
[Result "1-0"]
[WhiteElo "2163"]
[BlackElo "1935"]
[PlyCount "103"]
[EventDate "2019.04.06"]
[EventRounds "9"]
[EventCountry "ITA"]

1. e4 c5 2. Nf3 g6 3. d4 cxd4 4. Nxd4 Nc6 5. c4 Nf6 6. Nc3 d6 7. Nc2 Bg7 8. Be2
O-O 9. O-O Be6 10. b3 Qa5 11. Bd2 Rfc8 12. Rc1 a6 $11 13. a4 Nd7 14. Nd5 Qd8
15. f3 Nd4 16. Nxd4 Bxd4+ 17. Kh1 Bb2 18. Rb1 Bg7 19. Bg5 Bxd5 20. exd5 a5 21.
Qd2 Bf6 22. Bh6 Bg7 23. Bg5 Bf6 24. Bh6 Bg7 25. Be3 Nc5 26. Bd1 Qc7 27. Bc2 Re8
28. Rbe1 b6 29. Re2 Qd7 30. Bf4 Bf6 31. Rfe1 Rab8 32. g4 Bh4 33. Rd1 Bf6 34.
Bg3 Qc7 35. Rde1 Qd7 36. Kg2 Rbd8 37. h3 Qc7 $11 38. h4 Qd7 39. h5 e5 40. dxe6
Rxe6 41. Rxe6 Nxe6 42. hxg6 hxg6 43. Qd5 Bh4 44. Bxg6 Nf4+ 45. Bxf4 Bxe1 46.
Bxf7+ Qxf7 47. Qg5+ Kh7 48. Qxd8 Qe6 49. Qc7+ Kg8 50. Qb8+ Kh7 51. Qb7+ Kh8 52.
Qe4  1-0

[Event "14th IBCA World Chess Championship for Blind 2019"]
[Site "Cagliari"]
[Date "2019.04.13"]
[Round "8"]
[Board "6"]
[White "Janjic, Stefan"]
[Black "Magnusson, Jorgen"]
[Result "1/2-1/2"]
[WhiteElo "2090"]
[BlackElo "2301"]
[PlyCount "62"]
[EventDate "2019.04.06"]
[EventRounds "9"]
[EventCountry "ITA"]

1. d4 f5 2. Nf3 Nf6 3. g3 e6 4. Bg2 Be7 5. O-O O-O 6. c4 d6 7. b3 Ne4 8. Bb2 b6
9. Nfd2 Bb7 10. Nxe4 Bxe4 11. f3 Bb7 12. e4 fxe4 13. fxe4 Rxf1+ 14. Qxf1 Nd7
15. Bh3 e5 16. d5 Bg5 17. Bc1 Bxc1 18. Qxc1 Nf6 19. Be6+ Kh8 20. Nc3 c6 21.
dxc6 Bxc6 22. Qe3 Rb8 23. Rd1 Qe7 24. Bh3 Rd8 25. Rf1 Rf8 26. Rf2 g6 27. Nd5
Nxd5 28. cxd5 Rxf2 29. Qxf2 Be8 30. Be6 Kg7 31. Qc2 Qd8  1/2-1/2

[Event "14th IBCA World Chess Championship for Blind 2019"]
[Site "Cagliari"]
[Date "2019.04.13"]
[Round "8"]
[Board "7"]
[White "Streltsov, Alexey"]
[Black "Tuka, Oleg"]
[Result "1-0"]
[WhiteElo "2131"]
[BlackElo "2367"]
[PlyCount "113"]
[EventDate "2019.04.06"]
[EventRounds "9"]
[EventCountry "ITA"]

1. e4 c5 2. Nf3 e6 3. c4 Nc6 4. Nc3 Nf6 5. Be2 a6 6. O-O Be7 7. d4 cxd4 8. Nxd4
Qc7 9. Be3 O-O 10. Rc1 d6 11. Qd2 Bd7 12. f3 Qb8 13. b3 Nxd4 14. Bxd4 b5 15.
Nd1 Rc8 16. Ne3 Bc6 17. Rfd1 Nd7 18. Kh1 b4 19. Ng4 a5 20. Bd3 e5 21. Bf2 Nc5
22. h4 Ne6 23. Ne3 g6 24. Bc2 Nd4 25. Ng4 h5 26. Nh2 Bf6 27. g4 hxg4 28. Nxg4
Bg7 29. Bxd4 exd4 30. Qg5 Re8 31. Nf6+ Bxf6 32. Qxf6 Qd8 33. Qxd8 Raxd8 34.
Rxd4 Kf8 35. Kg2 Ke7 36. Kg3 Rh8 37. Rcd1 Rh5 38. R1d2 Bb7 39. Bd1 Rhh8 40. f4
Bc6 41. Bf3 f6 42. e5 Bxf3 43. exd6+ Kd7 44. Kxf3 Rxh4 45. Rd5 a4 46. bxa4 Re8
47. Rb5 Rh3+ 48. Kg2 Reh8 49. Rb7+ Ke6 50. Re7+ Kf5 51. Kf2 Rc3 52. Ree2 Rh1
53. d7 Rch3 54. Rd5+ Kg4 55. d8=Q Rf3+ 56. Kg2 Rff1 57. Rg5+  1-0

[Event "14th IBCA World Chess Championship for Blind 2019"]
[Site "Cagliari"]
[Date "2019.04.13"]
[Round "8"]
[Board "8"]
[White "Dimic, Pavle"]
[Black "Aguilar Sevilla, Diego"]
[Result "1-0"]
[WhiteElo "2333"]
[BlackElo "2124"]
[PlyCount "93"]
[EventDate "2019.04.06"]
[EventRounds "9"]
[EventCountry "ITA"]

1. d4 Nf6 2. Nf3 e6 3. c4 Bb4+ 4. Bd2 Qe7 5. g3 Nc6 6. Bg2 Bxd2+ 7. Nbxd2 a5 8.
O-O d6 9. e4 e5 10. d5 Nb8 11. Ne1 h5 12. h3 h4 13. g4 Nbd7 14. b3 Nh7 15. a3
Ng5 16. b4 b6 17. Nd3 O-O 18. Qc2 g6 19. Rae1 axb4 20. axb4 f6 21. Nb1 Qh7 22.
Nc3 f5 23. f3 Nf6 24. Qc1 Qh6 25. Nb5 Ne8 26. exf5 gxf5 27. f4 Nxh3+ 28. Bxh3
fxg4 29. fxe5 Qxc1 30. Rxf8+ Kxf8 31. Rxc1 dxe5 32. Bg2 h3 33. Bh1 g3 34. Bf3
e4 35. Bxe4 Ra2 36. Rf1+ Kg7 37. Nf4 Nf6 38. Bf3 Ng4 39. Nh5+ Kh6 40. Nxg3 h2+
41. Kh1 Ne3 42. Re1 Ng4 43. Nxc7 Kg5 44. Ne6+ Bxe6 45. dxe6 Nf2+ 46. Kxh2 Kf4
47. Re2  1-0

[Event "14th IBCA World Chess Championship for Blind 2019"]
[Site "Cagliari"]
[Date "2019.04.13"]
[Round "8"]
[Board "9"]
[White "Fernandez Manrique, Agustin"]
[Black "Wassin, Sergej"]
[Result "0-1"]
[WhiteElo "2120"]
[BlackElo "2262"]
[PlyCount "54"]
[EventDate "2019.04.06"]
[EventRounds "9"]
[EventCountry "ITA"]

1. c4 g6 2. Nc3 Bg7 3. g3 c5 4. Bg2 Nc6 5. a3 d6 6. Rb1 a5 7. d3 e5 8. Nf3 Nge7
9. Nd2 O-O 10. Nf1 f5 11. Ne3 f4 12. Ned5 Nxd5 13. Nxd5 Kh8 14. Bd2 Nd4 15. b4
axb4 16. axb4 Bg4 17. f3 Be6 18. Nc3 b6 19. bxc5 bxc5 20. Nb5 e4 21. Nxd4 Bxd4
22. dxe4 Bxc4 23. Qc1 Ba2 24. Rb7 Rf7 25. Rb5 Qd7 26. Ra5 Rxa5 27. Bxa5 Qa4  0-1

[Event "14th IBCA World Chess Championship for Blind 2019"]
[Site "Cagliari"]
[Date "2019.04.13"]
[Round "8"]
[Board "10"]
[White "Dobierzin, Olaf"]
[Black "Grigorchuk, Sergey"]
[Result "1/2-1/2"]
[WhiteElo "1992"]
[BlackElo "2236"]
[PlyCount "77"]
[EventDate "2019.04.06"]
[EventRounds "9"]
[EventCountry "ITA"]

1. e4 e6 2. d4 d5 3. e5 c5 4. c3 Nc6 5. Nf3 Qb6 6. a3 Bd7 7. b4 cxd4 8. cxd4
Rc8 9. Be3 Nce7 10. Bd3 Bb5 11. O-O Nf5 12. Ra2 Ngh6 13. Bxb5+ Qxb5 14. Rc2
Rxc2 15. Qxc2 Be7 16. Qc8+ Bd8 17. Bg5 Qd7 18. Qb8 a6 19. Bxd8 O-O 20. Rc1 Rxd8
21. Qc7 Ne7 22. Qxd7 Rxd7 23. Nbd2 f6 24. Nb3 b6 25. g3 Nf7 26. Kf1 Kf8 27. Ke2
Ke8 28. Kd3 Kd8 29. Re1 f5 30. Ng1 Rc7 31. f4 g5 32. Ne2 Kd7 33. Nc3 gxf4 34.
gxf4 Ng6 35. Ne2 Nd8 36. h4 Nxh4 37. Rh1 Ng6 38. Rxh7+ Kc8 39. Rxc7+  1/2-1/2

[Event "14th IBCA World Chess Championship for Blind 2019"]
[Site "Cagliari"]
[Date "2019.04.13"]
[Round "8"]
[Board "11"]
[White "Kishan, Gangolli"]
[Black "Pribeanu, Mihail-Dacian"]
[Result "1/2-1/2"]
[WhiteElo "1950"]
[BlackElo "2198"]
[PlyCount "52"]
[EventDate "2019.04.06"]
[EventRounds "9"]
[EventCountry "ITA"]

1. d4 Nf6 2. c4 g6 3. Nc3 Bg7 4. e4 d6 5. Be2 O-O 6. Be3 a6 7. f3 c6 8. Qd2 b5
9. a3 Nbd7 10. cxb5 axb5 11. Rc1 Nb6 12. Nd1 Bb7 13. Nh3 Nfd7 14. O-O e5 15.
Nhf2 exd4 16. Bxd4 Ne5 17. Bxb6 Qxb6 18. Qxd6 Rfd8 19. Qb4 Rd4 20. Qb3 Bc8 21.
Qe3 Be6 22. Nc3 Qd8 23. Rfd1 Nc4 24. Bxc4 Bxc4 25. Ne2 Bxe2 26. Qxe2 Qb6
 1/2-1/2

[Event "14th IBCA World Chess Championship for Blind 2019"]
[Site "Cagliari"]
[Date "2019.04.13"]
[Round "8"]
[Board "12"]
[White "Zsiltzova-Lisenko, Lubov"]
[Black "Avram, Sretko"]
[Result "1/2-1/2"]
[WhiteElo "2191"]
[BlackElo "2120"]
[PlyCount "97"]
[EventDate "2019.04.06"]
[EventRounds "9"]
[EventCountry "ITA"]

1. e4 e5 2. Nf3 Nc6 3. Bb5 a6 4. Bxc6 dxc6 5. O-O Bd6 6. d4 Qe7 7. dxe5 Bxe5 8.
Nxe5 Qxe5 9. Nd2 Be6 10. Qe2 Nf6 11. Re1 O-O 12. Nf3 Qh5 13. Bf4 Rac8 14. Rad1
Bg4 15. h3 Bxf3 16. Qxf3 Qxf3 17. gxf3 h6 18. Rd3 Rfe8 19. Red1 Kf8 20. Bd2 b6
21. b4 Re6 22. a4 Ke7 23. a5 g5 24. Be3 Rb8 25. Ra1 Nd7 26. axb6 cxb6 27. Kg2
c5 28. Rxa6 Rb7 29. b5 Ne5 30. Rd1 Nc4 31. Rd5 Rf6 32. Kg3 Rd6 33. Rxd6 Nxd6
34. Ra8 Kf6 35. h4 gxh4+ 36. Kxh4 Nxb5 37. Rh8 Na3 38. c3 Nb1 39. c4 Na3 40.
Rxh6+ Kg7 41. Rc6 Nxc4 42. f4 Ra7 43. f5 Nxe3 44. fxe3 Ra4 45. Rxb6 Rxe4+ 46.
Kg5 Rxe3 47. Rc6 Rg3+ 48. Kf4 Rc3 49. Kg5  1/2-1/2

[Event "14th IBCA World Chess Championship for Blind 2019"]
[Site "Cagliari"]
[Date "2019.04.13"]
[Round "8"]
[Board "13"]
[White "Patra, Subhendu Kumar"]
[Black "Ross, Chris N"]
[Result "1-0"]
[WhiteElo "1747"]
[BlackElo "2224"]
[PlyCount "103"]
[EventDate "2019.04.06"]
[EventRounds "9"]
[EventCountry "ITA"]

1. e4 c5 2. Nf3 e6 3. d4 cxd4 4. Nxd4 Nc6 5. Nc3 Qc7 6. Be3 a6 7. Qd2 Nf6 8.
O-O-O Bb4 9. f3 Ne5 10. Nb3 b5 11. Kb1 Nc4 12. Bxc4 bxc4 13. Nd4 Rb8 14. Ka1
O-O 15. g4 d6 16. Nde2 Nd7 17. Bd4 Ne5 18. Rhf1 f6 19. h3 Nc6 20. Bf2 Na7 21.
Bxa7 Qxa7 22. a3 Bc5 23. Na4 Rd8 24. Nxc5 Qxc5 25. Qc3 Bb7 26. Nd4 Kf7 27. Rde1
d5 28. e5 Bc8 29. f4 fxe5 30. Rxe5 Kg8 31. f5 exf5 32. Nxf5 Bxf5 33. Rexf5 Qc6
34. Qd4 Rd7 35. Rd1 Rbd8 36. h4 Qe6 37. Re5 Qf6 38. g5 Qf3 39. Rde1 Qf7 40. Rd1
Qf3 41. Rde1 Qf7 42. Re6 a5 43. Ra6 Re7 44. Rxe7 Qxe7 45. Ra7 Rd7 46. Ra8+ Kf7
47. Qf4+ Ke6 48. Ra6+ Rd6 49. Qg4+ Kf7 50. Qf5+ Ke8 51. Ra8+ Rd8 52. Qxd5  1-0

[Event "14th IBCA World Chess Championship for Blind 2019"]
[Site "Cagliari"]
[Date "2019.04.13"]
[Round "8"]
[Board "14"]
[White "Komissarov, Alexey"]
[Black "Grybas, Gintaras"]
[Result "1/2-1/2"]
[WhiteElo "2207"]
[BlackElo "2006"]
[PlyCount "46"]
[EventDate "2019.04.06"]
[EventRounds "9"]
[EventCountry "ITA"]

1. d4 Nf6 2. Nf3 d5 3. e3 Bg4 4. c4 c6 5. Qb3 Qb6 6. Ne5 dxc4 7. Qxb6 axb6 8.
Nxg4 Nxg4 9. Bxc4 e6 10. e4 Nf6 11. f3 Na6 12. Ke2 Be7 13. Be3 O-O 14. Nd2 Rfd8
15. Bb3 c5 16. dxc5 bxc5 17. a4 Nb4 18. Rhd1 Nc6 19. Rdc1 Nd4+ 20. Kf2 Nd7 21.
Bc4 h6 22. Bf1 Ne5 23. Nc4 Nec6  1/2-1/2

[Event "14th IBCA World Chess Championship for Blind 2019"]
[Site "Cagliari"]
[Date "2019.04.13"]
[Round "8"]
[Board "15"]
[White "Schellmann, Frank"]
[Black "Draganov, Ruslan"]
[Result "0-1"]
[WhiteElo "2033"]
[BlackElo "2162"]
[PlyCount "60"]
[EventDate "2019.04.06"]
[EventRounds "9"]
[EventCountry "ITA"]

1. e4 e5 2. Nf3 Nc6 3. Bc4 Nf6 4. d3 Be7 5. O-O O-O 6. Re1 d6 7. a4 a6 8. h3
Be6 9. Nbd2 Re8 10. c3 Bf8 11. Bxe6 fxe6 12. Nc4 Qd7 13. a5 Qf7 14. Ng5 Qg6 15.
f4 exf4 16. Bxf4 Nh5 17. Bd2 d5 18. Na3 Nxa5 19. exd5 exd5 20. Qf3 Nf6 21. Bf4
Nb3 22. Rad1 Nc5 23. d4 Rxe1+ 24. Rxe1 Nd3 25. Rf1 Nxb2 26. Nb1 Re8 27. Qg3 Nc4
28. Be5 Bd6 29. Bxd6 Nxd6 30. Qh4 Re2  0-1

[Event "14th IBCA World Chess Championship for Blind 2019"]
[Site "Cagliari"]
[Date "2019.04.13"]
[Round "8"]
[Board "16"]
[White "Casadei, Marco"]
[Black "Chojnowski, Marcin"]
[Result "1-0"]
[WhiteElo "1921"]
[BlackElo "2083"]
[PlyCount "137"]
[EventDate "2019.04.06"]
[EventRounds "9"]
[EventCountry "ITA"]

1. e4 c5 2. Nf3 d6 3. d4 cxd4 4. Nxd4 Nf6 5. Nc3 Nc6 6. Bc4 e6 7. Be3 Be7 8.
Qe2 O-O 9. O-O-O a6 10. Rhg1 Qc7 11. Bb3 b5 12. g4 b4 13. Na4 Nxe4 14. Nxe6
Bxe6 15. Bb6 Nc3 16. bxc3 Qc8 17. Bd4 Rb8 18. f4 bxc3 19. Bxc3 Nb4 20. Kb1 Re8
21. Bb2 Bf6 22. Qg2 Bxb2 23. Nxb2 Nxa2 24. Kxa2 a5 25. f5 Bxb3+ 26. cxb3 Re3
27. Rd3 Rxd3 28. Nxd3 Qc3 29. Qd5 Qc2+ 30. Nb2 a4 31. b4 Rc8 32. Rg2 Qc1 33.
Qd2 Qc6 34. Rg3 Qe4 35. Rd3 Qxg4 36. Rxd6 h5 37. Rd8+ Rxd8 38. Qxd8+ Kh7 39.
Qd5 Qxb4 40. Qxf7 a3 41. Qxh5+ Kg8 42. Qe8+ Kh7 43. Qh5+ Kg8 44. Nd1 Kf8 45.
Qf3 Qd2+ 46. Kxa3 Qxh2 47. Ne3 Qb8 48. Qe4 Qa7+ 49. Kb3 Qa1 50. Nd5 Kg8 51.
Qe6+ Kh7 52. Qg6+ Kh8 53. Qh5+ Kg8 54. Ne7+ Kf8 55. Ng6+ Kf7 56. Ne5+ Ke7 57.
Qf7+ Kd6 58. Nc4+ Kc6 59. Qe6+ Kb7 60. Qd7+ Kb8 61. Qd8+ Kb7 62. Qe7+ Kc6 63.
Qe6+ Kb7 64. Qb6+ Kc8 65. Qc6+ Kb8 66. Qb5+ Kc8 67. Qc5+ Kd7 68. Ne5+ Ke8 69.
Qc8+  1-0

[Event "14th IBCA World Chess Championship for Blind 2019"]
[Site "Cagliari"]
[Date "2019.04.13"]
[Round "8"]
[Board "17"]
[White "Lindenmair, Anton"]
[Black "Suder, Ryszard"]
[Result "0-1"]
[WhiteElo "1974"]
[BlackElo "2052"]
[PlyCount "62"]
[EventDate "2019.04.06"]
[EventRounds "9"]
[EventCountry "ITA"]

1. d4 Nf6 2. c4 g6 3. Nc3 d5 4. Nf3 Bg7 5. Bg5 Ne4 6. cxd5 Nxc3 7. bxc3 Qxd5 8.
e3 Bg4 9. Be2 Nd7 10. Bh4 e5 11. Qb3 Qxb3 12. axb3 exd4 13. cxd4 O-O 14. O-O c5
15. Rad1 cxd4 16. Nxd4 Bxe2 17. Nxe2 Nc5 18. Be7 Rfc8 19. b4 Ne6 20. Rd2 Rc7
21. Bh4 Rac8 22. Rfd1 Rc4 23. Be7 Bf8 24. Bxf8 Kxf8 25. b5 Rb4 26. Ra2 Rxb5 27.
Rxa7 Rc2 28. Nd4 Nxd4 29. exd4 Rbb2 30. d5 Rxf2 31. d6 Rxg2+  0-1

[Event "14th IBCA World Chess Championship for Blind 2019"]
[Site "Cagliari"]
[Date "2019.04.13"]
[Round "8"]
[Board "18"]
[White "Vela Ignacio, Jose Manuel"]
[Black "Aryan, B Joshi"]
[Result "1-0"]
[WhiteElo "2038"]
[BlackElo "1864"]
[PlyCount "58"]
[EventDate "2019.04.06"]
[EventRounds "9"]
[EventCountry "ITA"]

1. f4 Nf6 2. Nf3 d5 3. e3 Bg4 4. Be2 Nbd7 5. b3 Bxf3 6. Bxf3 e5 7. fxe5 Nxe5 8.
Bb2 Bd6 9. Nc3 c6 10. Qe2 Qe7 11. d4 Nxf3+ 12. gxf3 O-O-O 13. O-O-O Rhe8 14.
Rde1 Qc7 15. Kb1 Re6 16. e4 dxe4 17. fxe4 Bb4 18. Qd3 Qd7 19. a3 Bxc3 20. Bxc3
Qe7 21. Bb4 Qd7 22. Bc3 Rde8 23. e5 Nd5 24. Bd2 Rg6 25. h4 Rg2 26. Reg1 Rxg1+
27. Rxg1 Re6 28. h5 f6 29. h6 fxe5 {...}  1-0

[Event "14th IBCA World Chess Championship for Blind 2019"]
[Site "Cagliari"]
[Date "2019.04.13"]
[Round "8"]
[Board "19"]
[White "Saltik, Suleyman"]
[Black "Migala, Andrzej"]
[Result "1/2-1/2"]
[WhiteElo "1652"]
[BlackElo "2037"]
[PlyCount "68"]
[EventDate "2019.04.06"]
[EventRounds "9"]
[EventCountry "ITA"]

1. d4 Nf6 2. Bg5 d5 3. Bxf6 exf6 4. e3 Bd6 5. g3 c6 6. Ne2 Nd7 7. Bg2 f5 8. Nd2
Nf6 9. c4 dxc4 10. Nxc4 Bb4+ 11. Nc3 Be6 12. Qd3 O-O 13. O-O Re8 14. a3 Bf8 15.
Rfd1 Qc7 16. Ne5 Rad8 17. Rac1 g6 18. b4 a6 19. Na4 Bd5 20. Bxd5 Rxd5 21. Qb3
h5 22. Nc3 Rdxe5 23. dxe5 Qxe5 24. Ne2 h4 25. Qc3 hxg3 26. hxg3 a5 27. bxa5
Qxc3 28. Rxc3 Ra8 29. Rb1 Ne4 30. Rc2 Rxa5 31. Rxb7 Rxa3 32. Rxc6 Ra2 33. Kf1
Nd2+ 34. Kg1 Ne4  1/2-1/2

[Event "14th IBCA World Chess Championship for Blind 2019"]
[Site "Cagliari"]
[Date "2019.04.13"]
[Round "8"]
[Board "20"]
[White "Clemente Llamero, Roberto"]
[Black "Deniz, Ugur"]
[Result "0-1"]
[WhiteElo "2117"]
[BlackElo "1871"]
[PlyCount "81"]
[EventDate "2019.04.06"]
[EventRounds "9"]
[EventCountry "ITA"]

1. e4 e5 2. Nf3 Nc6 3. Nc3 Nf6 4. h3 d5 5. exd5 Nxd5 6. Bb5 Nxc3 7. bxc3 Bd6 8.
O-O O-O 9. Re1 Qf6 10. d4 exd4 11. cxd4 h6 12. Bd3 Bf5 13. c3 Rfe8 14. Be3 b6
15. Rb1 Rad8 16. Bxf5 Qxf5 17. Qa4 Ne7 18. c4 Ng6 19. c5 bxc5 20. dxc5 Bf4 21.
Bd4 Rxe1+ 22. Rxe1 Qd3 23. Ba1 Qd5 24. Qc2 c6 25. Nd4 Nh4 26. Qe4 Qxe4 27. Rxe4
Ng6 28. g3 Be5 29. f4 Bxd4+ 30. Bxd4 f5 31. Re6 Nf8 32. Rd6 Rxd6 33. cxd6 a6
34. Kf2 g6 35. Ke3 Kf7 36. Kd3 Nd7 37. Kc4 Ke6 38. Be5 a5 39. a4 g5 40. g4
Nxe5+ 41. fxe5  0-1

[Event "14th IBCA World Chess Championship for Blind 2019"]
[Site "Cagliari"]
[Date "2019.04.13"]
[Round "8"]
[Board "21"]
[White "Znuderl, Matej"]
[Black "Adiyaman, Rene"]
[Result "0-1"]
[WhiteElo "1918"]
[BlackElo "2195"]
[PlyCount "94"]
[EventDate "2019.04.06"]
[EventRounds "9"]
[EventCountry "ITA"]

1. c4 Nf6 2. g3 c6 3. Bg2 d5 4. b3 e5 5. Bb2 Bd6 6. Nf3 Nbd7 7. O-O O-O 8. d4
e4 9. Ne5 Qe7 10. Nxd7 Bxd7 11. Nc3 h5 12. a4 h4 13. Qd2 Ng4 14. cxd5 e3 15.
fxe3 Nxe3 16. Rf3 Nxg2 17. Kxg2 cxd5 18. Nxd5 Qe6 19. Qg5 Qxe2+ 20. Rf2 Qe4+
21. Kg1 f6 22. Nxf6+ Rxf6 23. Rxf6 Bc6 24. gxh4 Qh1+ 25. Kf2 Qxh2+ 26. Kf1 Qxb2
27. Rd1 Be7 28. Rf2 Qxb3 29. Qg4 Qc4+ 30. Qe2 Qxe2+ 31. Rxe2 Bf3 32. Rxe7 Bxd1
33. Rxb7 Bxa4 34. d5 a5 35. d6 Rd8 36. Rb6 Bd7 37. Kf2 Kf7 38. Ke3 Ke6 39. Ra6
a4 40. Kd4 Bb5 41. Ra5 Rxd6+ 42. Kc3 Rd5 43. Ra7 Kf6 44. Kb4 Rh5 45. Ra8 Bd7
46. Ra6+ Ke7 47. Rg6 Rxh4+  0-1

[Event "14th IBCA World Chess Championship for Blind 2019"]
[Site "Cagliari"]
[Date "2019.04.13"]
[Round "8"]
[Board "23"]
[White "Zoltek, Tadeusz"]
[Black "Ursic, Aleksander"]
[Result "1/2-1/2"]
[WhiteElo "2092"]
[BlackElo "1912"]
[PlyCount "39"]
[EventDate "2019.04.06"]
[EventRounds "9"]
[EventCountry "ITA"]

1. c4 Nf6 2. Nc3 e6 3. Nf3 Bb4 4. Qc2 c5 5. e3 O-O 6. a3 Ba5 7. Rb1 Nc6 8. Be2
Bxc3 9. Qxc3 b6 10. b4 d6 11. Bb2 e5 12. d3 Re8 13. O-O Bg4 14. h3 Bh5 15. Rfe1
Rc8 16. Nh2 Bxe2 17. Rxe2 d5 18. bxc5 d4 19. Qc2 bxc5 20. exd4  1/2-1/2

[Event "14th IBCA World Chess Championship for Blind 2019"]
[Site "Cagliari"]
[Date "2019.04.13"]
[Round "8"]
[Board "24"]
[White "Schulz, Gert"]
[Black "Bindzus, Ernst"]
[Result "1/2-1/2"]
[WhiteElo "1995"]
[BlackElo "1985"]
[PlyCount "61"]
[EventDate "2019.04.06"]
[EventRounds "9"]
[EventCountry "ITA"]

1. c4 g6 2. e4 Bg7 3. d4 d6 4. Be2 Nd7 5. Nf3 Ngf6 6. Nc3 c6 7. O-O O-O 8. h3
e5 9. Be3 Qe7 10. d5 c5 11. Nd2 Ne8 12. a3 f5 13. exf5 gxf5 14. f4 e4 15. Qc2
Bd4 16. Nd1 Qg7 17. Nb3 Bxe3+ 18. Nxe3 Qg3 19. Qc3 Ndf6 20. Rac1 Rf7 21. Nd1
Qh4 22. Qe1 Qh6 23. Rc3 Ng7 24. Rg3 Kf8 25. Rg5 Bd7 26. Ne3 b6 27. Nc1 Rb8 28.
Na2 Nfe8 29. Nc3 a6 30. a4 Qf6 31. Qg3  1/2-1/2

[Event "14th IBCA World Chess Championship for Blind 2019"]
[Site "Cagliari"]
[Date "2019.04.13"]
[Round "8"]
[Board "25"]
[White "Mueller, Thorsten"]
[Black "Barnowski, Sylwester"]
[Result "1-0"]
[WhiteElo "2086"]
[BlackElo "1771"]
[PlyCount "98"]
[EventDate "2019.04.06"]
[EventRounds "9"]
[EventCountry "ITA"]

1. d4 f5 2. Nf3 Nf6 3. Bf4 e6 4. e3 Bb4+ 5. c3 Be7 6. h3 d5 7. Nbd2 Nbd7 8. Bd3
Ne4 9. Qe2 Ndf6 10. Ne5 Nxd2 11. Qxd2 Ne4 12. Qe2 O-O 13. O-O-O c6 14. f3 Nd6
15. g4 Nf7 16. gxf5 Nxe5 17. Bxe5 exf5 18. Rhg1 Bf6 19. Bf4 Kh8 20. h4 Qa5 21.
Kb1 b5 22. Qc2 Bd7 23. Rg2 Qd8 24. Rdg1 Rf7 25. Bxf5 Bxf5 26. Qxf5 Qe7 27. Qd3
b4 28. h5 bxc3 29. Qxc3 Rc8 30. h6 g6 31. Qd3 c5 32. Qa6 Qd7 33. Rc2 Bxd4 34.
Bg5 Rc6 35. Qb5 Bf6 36. Bxf6+ Rfxf6 37. Rxc5 Qf5+ 38. e4 Qc8 39. Rgc1 Rxc5 40.
Rxc5 Qf8 41. Rxd5 Rxf3 42. a3 Qxh6 43. Rd8+ Rf8 44. Qe5+ Kg8 45. Qd5+ Kh8 46.
Rd7 Rc8 47. Qe5+ Kg8 48. Qe6+ Kh8 49. Ka2 Qf8  1-0

[Event "14th IBCA World Chess Championship for Blind 2019"]
[Site "Cagliari"]
[Date "2019.04.13"]
[Round "8"]
[Board "26"]
[White "Rositsan, Boris"]
[Black "Krishna, Udupa"]
[Result "1-0"]
[WhiteElo "2069"]
[BlackElo "1740"]
[PlyCount "88"]
[EventDate "2019.04.06"]
[EventRounds "9"]
[EventCountry "ITA"]

1. e4 c5 2. Nf3 Nc6 3. d4 cxd4 4. Nxd4 Nf6 5. Nc3 e5 6. Nxc6 bxc6 7. Bd3 Bc5 8.
O-O h6 9. Kh1 O-O 10. f4 d5 11. exd5 cxd5 12. fxe5 Ng4 13. Qe1 Re8 14. Bf4 Bd4
15. Nxd5 Nxe5 16. Qb4 Nxd3 17. Qxd4 Nxf4 18. Rxf4 Be6 19. c4 Qa5 20. b4 Qa4 21.
Rf3 Bxd5 22. cxd5 a5 23. Qf4 axb4 24. Raf1 Qxa2 25. Qd4 f6 26. d6 Rad8 27. Qxb4
Rb8 28. Qg4 Rb1 29. Rxf6 Rxf1+ 30. Rxf1 Qd5 31. Rd1 h5 32. Rxd5 hxg4 33. Kg1
Kf7 34. Kf2 Ke6 35. Rd4 Kf5 36. Kg3 g6 37. Rd1 Kf6 38. Kxg4 Kf7 39. Kg5 Kg7 40.
h4 Kf7 41. g4 Kg7 42. Rd4 Kf7 43. d7 Rd8 44. Rd6 Ke7 {...}  1-0

[Event "14th IBCA World Chess Championship for Blind 2019"]
[Site "Cagliari"]
[Date "2019.04.13"]
[Round "8"]
[Board "27"]
[White "Holmela, Kari"]
[Black "Rutkowski, Jerzy"]
[Result "1/2-1/2"]
[WhiteElo "1840"]
[BlackElo "1980"]
[PlyCount "62"]
[EventDate "2019.04.06"]
[EventRounds "9"]
[EventCountry "ITA"]

1. d4 Nf6 2. Nf3 b6 3. Bf4 Bb7 4. e3 g6 5. Bd3 Bg7 6. Nbd2 d5 7. Ne5 Nfd7 8.
Ndf3 Nxe5 9. Bxe5 Bxe5 10. Nxe5 Qd6 11. c3 Nd7 12. f4 f6 13. Nxd7 Qxd7 14. f5
O-O-O 15. fxg6 hxg6 16. Qe2 f5 17. O-O-O Qd6 18. g3 Kb8 19. Kb1 e5 20. Ba6 Ba8
21. a4 c6 22. Rc1 Rde8 23. Qf2 Bb7 24. Bd3 c5 25. dxe5 Qxe5 26. Rhe1 c4 27. Bc2
Bc6 28. h4 Re7 29. Ka1 Kb7 30. Qf4 Qe6 31. Qd4 Rhe8  1/2-1/2

[Event "14th IBCA World Chess Championship for Blind 2019"]
[Site "Cagliari"]
[Date "2019.04.13"]
[Round "8"]
[Board "28"]
[White "Wikman, Bengt"]
[Black "Vrioni, Bersan"]
[Result "0-1"]
[WhiteElo "1806"]
[BlackElo "1924"]
[PlyCount "52"]
[EventDate "2019.04.06"]
[EventRounds "9"]
[EventCountry "ITA"]

1. e4 e6 2. d4 d5 3. Nd2 c5 4. Ngf3 Nc6 5. exd5 exd5 6. dxc5 Bxc5 7. Nb3 Bb6 8.
Bg5 Nf6 9. Qe2+ Be6 10. O-O-O O-O 11. Nfd4 Re8 12. Nxe6 Rxe6 13. Qd2 Qe8 14.
Bxf6 Rxf6 15. Bb5 Rxf2 16. Qxd5 Rd8 17. Qc4 Rc8 18. c3 a6 19. Rhe1 Be3+ 20. Kb1
axb5 21. Qg4 f5 22. Qg3 Qe4+ 23. Ka1 Qc2 24. Rb1 f4 25. Qg4 Rd8 26. Qe6+ Kh8
 0-1

[Event "14th IBCA World Chess Championship for Blind 2019"]
[Site "Cagliari"]
[Date "2019.04.13"]
[Round "8"]
[Board "29"]
[White "Pohlers, Juergen"]
[Black "Badano, Giancarlo"]
[Result "1/2-1/2"]
[WhiteElo "1923"]
[BlackElo "1857"]
[PlyCount "69"]
[EventDate "2019.04.06"]
[EventRounds "9"]
[EventCountry "ITA"]

1. d4 d5 2. c4 e6 3. Nc3 Nf6 4. Bg5 Nbd7 5. e3 c6 6. cxd5 exd5 7. Bd3 Bd6 8.
Qc2 h6 9. Bh4 O-O 10. Nge2 Re8 11. Rc1 Qe7 12. Bg3 Nf8 13. O-O Bg4 14. Rce1 Bh5
15. Bxd6 Qxd6 16. Ng3 Bg6 17. Bxg6 Nxg6 18. Nf5 Qd7 19. f3 Ne7 20. g4 h5 21. h3
g6 22. Ng3 Kg7 23. g5 Nh7 24. h4 f6 25. gxf6+ Nxf6 26. Qg2 Nf5 27. Nxf5+ Qxf5
28. Qg5 Qxg5+ 29. hxg5 Nh7 30. f4 Re6 31. e4 dxe4 32. Rxe4 Rxe4 33. Nxe4 Rd8
34. Nc5 Kf7 35. Re1  1/2-1/2

[Event "14th IBCA World Chess Championship for Blind 2019"]
[Site "Cagliari"]
[Date "2019.04.13"]
[Round "8"]
[Board "30"]
[White "Donmez, Unal"]
[Black "Armstrong, William G"]
[Result "1-0"]
[WhiteElo "1887"]
[BlackElo "1800"]
[PlyCount "45"]
[EventDate "2019.04.06"]
[EventRounds "9"]
[EventCountry "ITA"]

1. e4 c5 2. d4 cxd4 3. c3 g6 4. cxd4 d5 5. e5 Nh6 6. Nc3 Nc6 7. Nf3 Bg7 8. h3
O-O 9. Bb5 a6 10. Ba4 Kh8 11. Bb3 Be6 12. O-O b5 13. Bf4 Ng8 14. Ng5 h6 15.
Nxe6 fxe6 16. Be3 Qe8 17. Qg4 h5 18. Qxe6 Ra7 19. Nxd5 Nd8 20. Qb6 Qd7 21. Qxg6
Qf5 22. Nf4 Nh6 23. Bc2  1-0